000 00377nam a2200145 i 4500
001 bgj
100 1 _aKELLER, Gottfried.
_d(1819-1890).
245 1 0 _aRomeo und Julia auf dem Dorfe :
_bErzählung /
_cGottfried Keller.
650 9 _aPowieść niemiecka
040 _cBPK
041 _ager
080 _a821.112.2-3
942 _cKS
008 s gw f |000 0 ger
999 _c49522
_d49522
856 _uhttp://koha.tu.koszalin.pl/cgi-bin/koha/opac-detail.pl?biblionumber=49522
_yKatalog online BPK